00880nam a2200229Ia 4500020001600000020001900016040000800035082002600043100001900069245002300088260004700111300002900158490002200187500002600209500004700235520016900282650001300451700002000464942001000484999001700494952013900511 a0439446155  a9780439446150  cBDX a813 SCH 2001 A097 Or.1 aBaglio, Ben M.10aDancing the seas / aNew York :bScholastic Inc.,c2002, c2001. a158 p. :bill. ;c20 cm.1 aDolphin diaries ; a"An Apple paperback." a"A Working Partners book--P.[4] of cover." aIn the Marquesas Islands, Jody sees a large group of spotted and spinner dolphins. She meets Lew and Monique and sees the operation of a dolphin friendly tuna boat. 0aDolphins1 aLawton, Judith, cAEDBB c19717d19717 0010406813_000000000000000_SCH_2001_A097_OR70986799aLBAbLBAcA097d2021-03-19ea065621o813 SCH 2001 A097 Or.r2021-03-19yAEDBB